<?xml version="1.0" encoding="UTF-8"?>
<marc:record xmlns:marc="http://www.loc.gov/MARC21/slim">
   <marc:leader>00000nam a2200000 a 4500</marc:leader>
   <marc:datafield ind1="1" ind2=" " tag="100">
      <marc:subfield code="a">Pratchett, Terry</marc:subfield>
      <marc:subfield code="4">aut</marc:subfield>
      <marc:subfield code="e">Verfasser/-in</marc:subfield>
   </marc:datafield>
   <marc:datafield ind1="0" ind2="0" tag="245">
      <marc:subfield code="a">Dunkle Halunken</marc:subfield>
   </marc:datafield>
   <marc:datafield ind1="0" ind2="0" tag="245">
      <marc:subfield code="b">Roman</marc:subfield>
   </marc:datafield>
   <marc:datafield ind1="0" ind2="0" tag="245">
      <marc:subfield code="c">Terry Pratchett. Aus dem Engl. von Andreas Brandhorst</marc:subfield>
   </marc:datafield>
   <marc:datafield ind1=" " ind2="1" tag="264">
      <marc:subfield code="a">München</marc:subfield>
      <marc:subfield code="b">Ivi</marc:subfield>
      <marc:subfield code="c">2013</marc:subfield>
   </marc:datafield>
   <marc:datafield ind1="1" ind2=" " tag="520">
      <marc:subfield code="a">Angaben aus der Verlagsmeldung

Dunkle Halunken : Roman Dodger / von Terry Pratchett

Von der Scheibenwelt ins London des 19. Jahrhunderts, in dem hilflose Schönheiten vor dunklen Feinden zittern, Schriftsteller sich als Detektive versuchen und mörderische Barbiere ihre Opfer nach allen Regeln der Kunst erledigen. Hier kann nur einer aufräumen - und das ist ausgerechnet der eigentlich nichtsnutzige Straßenjunge Dodger ... Terry Pratchetts neuer Roman ist ein Muss für alle Fans des britischen Großmeisters - großartig übersetzt vom Originalübersetzer Andreas Brandhorst.
Dodger ist ein Straßenjunge - doch nicht irgendeiner. Während eines Überfalls in den nächtlichen Gassen Londons rettet er einer Unbekannten das Leben, der betörend schönen Simplicity. Fortan setzt er alles daran, mehr über die Tat und die Herkunft der jungen Frau herauszufinden. Auf der Suche nach den Tätern bringt Dodger ganz nebenbei einen mörderischen Barbier namens Sweeney Todd zur Strecke und wird dadurch für ganz London zum Helden. Dies jedoch ruft einen geheimnisvollen Attentäter ebenso auf den Plan wie die Halunken, die Simplicity nach dem Leben trachten und ihren jungen Beschützer lieber früher als später tot sehen wollen ...
</marc:subfield>
   </marc:datafield>
   <marc:datafield ind1=" " ind2=" " tag="020">
      <marc:subfield code="a">9783492703017</marc:subfield>
      <marc:subfield code="9">9783492703017</marc:subfield>
   </marc:datafield>
   <marc:datafield ind1=" " ind2=" " tag="020">
      <marc:subfield code="a">3492703011</marc:subfield>
      <marc:subfield code="9">3492703011</marc:subfield>
   </marc:datafield>
   <marc:datafield ind1=" " ind2=" " tag="300">
      <marc:subfield code="a">375 S.</marc:subfield>
   </marc:datafield>
</marc:record>
